Numerical Methods Using MATLAB (Record no. 23985)
[ view plain ]
| 000 -LEADER | |
|---|---|
| fixed length control field | 00219nam a22000857a 4500 |
| 003 - CONTROL NUMBER IDENTIFIER | |
| control field | Nust |
| 005 - DATE AND TIME OF LATEST TRANSACTION | |
| control field | 20170515121530.0 |
| 008 - FIXED-LENGTH DATA ELEMENTS--GENERAL INFORMATION | |
| fixed length control field | 140429b xxu||||| |||| 00| 0 eng d |
| 020 ## - INTERNATIONAL STANDARD BOOK NUMBER | |
| Terms of availability | Available |
| International Standard Book Number | 8129709384 |
| 040 ## - CATALOGING SOURCE | |
| Original cataloging agency | DLC |
| Language of cataloging | DLC |
| Transcribing agency | RCMS |
| 082 ## - DEWEY DECIMAL CLASSIFICATION NUMBER | |
| Edition number | 4th,ed. |
| Classification number | 518 MAT |
| 100 ## - MAIN ENTRY--PERSONAL NAME | |
| Personal name | METHEWS, JOHN H. |
| 9 (RLIN) | 720 |
| 245 ## - TITLE STATEMENT | |
| Title | Numerical Methods Using MATLAB |
| 260 ## - PUBLICATION, DISTRIBUTION, ETC. | |
| Place of publication, distribution, etc. | India |
| Name of publisher, distributor, etc. | Pearson Education |
| Date of publication, distribution, etc. | c 2004 |
| 300 ## - PHYSICAL DESCRIPTION | |
| Extent | x,690,p: |
| Other physical details | ill: |
| Dimensions | 26,cm. |
| 538 ## - SYSTEM DETAILS NOTE | |
| Display text | Shelf # 15, Row # 3, Communication. |
| 650 ## - SUBJECT ADDED ENTRY--TOPICAL TERM | |
| Topical term or geographic name entry element | Mathematics/ computer science/ physical sciences/ and engineering. Knowledge of calculus is assumed. |
| 9 (RLIN) | 721 |
| 856 ## - ELECTRONIC LOCATION AND ACCESS | |
| Materials specified | Table of Content Only |
| 942 ## - ADDED ENTRY ELEMENTS (KOHA) | |
| Source of classification or shelving scheme | |
| Koha item type | Book |
| Withdrawn status | Lost status | Source of classification or shelving scheme | Damaged status | Not for loan | Permanent Location | Current Location | Shelving location | Date acquired | Total Checkouts | Full call number | Barcode | Date last seen | Price effective from | Koha item type |
|---|---|---|---|---|---|---|---|---|---|---|---|---|---|---|
| School of Interdisciplinary Engineering and Sciences (SINES) | School of Interdisciplinary Engineering and Sciences (SINES) | General Stacks | 04/29/2014 | 518MAT | RCMS000422 | 05/02/2016 | 04/29/2014 | Book |
